Metal Band By Album - Statistics

General Stats
  • This quiz has been taken 177 times
  • The average score is 6 of 20
Answer Stats
Album Band % Correct
Rust In Peace Megadeth
82%
Powerslave Iron Maiden
80%
Spiritual Healing Death
43%
Chaos A.D. Sepultura
42%
Tomb Of The Mutilated Cannibal Corpse
41%
De Mysteriis Dom Sathanas Mayhem
37%
Twilight Of The Thunder God Amon Amarth
36%
Epicus Doomicus Metallicus Candlemass
26%
Alice In Hell Annihilator
25%
Under The Sign Of The Black Mark Bathory
22%
Extreme Aggression Kreator
22%
Demanufacture Fear Factory
21%
Blessed Are The Sick Morbid Angel
21%
The Ultra-Violence Death Angel
14%
Focus Cynic
12%
Pierced From Within Suffocation
12%
Consuming Impulse Pestilence
10%
Eternal Nightmare Vio-lence
10%
Psalm 9 Trouble
9%
Twisted Into Form Forbidden
8%
No matching quizzes found
Score Distribution
Percent of People with Each Score
Percentile by Number Answered
Your Score History
You have not taken this quiz